|
|
|
|
| LEADER |
00000nam a2200000 a 4500 |
| 001 |
vtls001081293 |
| 003 |
SK-MaSNL |
| 005 |
20260301000852.0 |
| 008 |
250414s1989 CS 0 hun |
| 015 |
|
|
|a SNBA1989/06
|
| 020 |
|
|
|a 8007000666
|
| 035 |
|
|
|a SNK000024131
|
| 040 |
|
|
|a SNK
|b slo
|c SNK
|e AACR2
|
| 041 |
0 |
|
|a hun
|
| 044 |
|
|
|a [CS]
|
| 080 |
|
|
|a 633(075.3)=945.11
|2 1981
|
| 100 |
1 |
|
|a Krištín, Ján
|4 aut
|9 6327
|
| 245 |
1 |
0 |
|a A növénytermelés technológiája 1
|c Ján Krištín, František Kuchtík, Cyril Mizla ; József Orava, Pavel Lisý, Ján Novák, Cyril Barčák, Jozef Dančík, Igor Grossmann, Viktor Michalec, Milan Tesák, Andrej Hurňák
|
| 250 |
|
|
|a 1., kiad.
|
| 260 |
|
|
|a Bratislava
|b Príroda
|c 1989
|e Nitra
|f Nitrianske tlačiarne
|
| 300 |
|
|
|a 277 s., 19,30 AH
|b Tb. Fot.
|c 25 cm
|
| 366 |
|
|
|e 400 výtl.
|
| 500 |
|
|
|a Súbež. tir. slov. Maď.-slov. slovník. Reg.
|
| 700 |
1 |
|
|a Kuchtík, František
|4 aut
|9 45106
|
| 700 |
1 |
|
|a Mizla, Cyril
|4 aut
|9 45811
|
| 700 |
1 |
|
|a Orava, József
|4 trl
|9 278414
|
| 700 |
1 |
|
|a Lisý, Pavel
|4 bkd
|9 278415
|
| 700 |
1 |
|
|a Novák, Ján
|4 bkd
|9 5176
|
| 700 |
1 |
|
|a Barčák, Cyril,
|d 1939-2001
|4 bkd
|9 37687
|
| 700 |
1 |
|
|a Dančík, Jozef
|4 bkd
|9 278416
|
| 700 |
1 |
|
|a Grossmann, Igor,
|d 1924-2013
|4 bkd
|9 159188
|
| 700 |
1 |
|
|a Michalec, Viktor
|4 bkd
|9 278417
|
| 700 |
1 |
|
|a Tesák, Milan,
|d 1943-2020
|4 bkd
|9 135445
|
| 700 |
1 |
|
|a Hurňák, Andrej
|4 bkd
|9 7705
|
| 852 |
|
|
|a Slovenská národná knižnica
|
| 919 |
|
|
|a 80-07-00066-6
|
| 958 |
|
|
|a UC
|
| 958 |
|
|
|a TL
|
| 958 |
|
|
|a OP
|
| 958 |
|
|
|a HU
|
| 958 |
|
|
|a OND
|
| 999 |
|
|
|c 533694
|d 535624
|
| 952 |
|
|
|t P60, <04>, [BOOK], {604}
|a SNK
|b SNK
|y VYP
|7 0
|p 17A0336799
|o snkSC 74392/1 D2
|i snkKSP 3587/2002
|0 0
|1 0
|4 0
|d 2002-04-04
|l 0
|r 2004-12-31 00:00:00
|w 2026-02-23
|
| 952 |
|
|
|a SNK
|b SNK
|y PREZ
|7 0
|p 17A0964802
|o snkSC 74392/1
|0 0
|1 0
|4 0
|d 2012-09-26
|l 0
|r 2025-07-30 00:00:00
|w 2026-02-23
|